000 00661nam a22002297a 4500
003 UA-OsUOA
001 90119
007 ta
008 20121114b un ||||| |||| 00| 0 ukr d
100 _aКнязюк В.
090 _a821.161.2
_bК84
942 _cBK
040 _aUA-OsUOA
_bukr
_cUA-OsUOA
_dUA-OsUOA
245 _aЄдиний привілей
_bхудожні оповіді, повість-есе
300 _a271 с.
955 _a3
041 _aukr
080 _a821.161.2
260 _aК.
_bРадянський письменник
_c1989
650 7 _a82 Література. Літературознавство
_2UDC
999 _c376322
_d376322